000 01569cam a2200409 i 4500
001 22415716
005 20240306125439.0
008 220208s2020 caua b 000 0 eng
010 _a 2021443246
020 _a9781941806777
_q(paperback)
040 _aDLC
_beng
_erda
_cDLC
042 _apcc
043 _an-us-ny
_ae-fr---
_ae-it---
050 0 0 _aNA9053.S6
_bP42 2020
082 0 4 _a720.103
_223
_bPET
100 1 _aPeterson, Steven K.,
_eauthor.
_9121918
245 1 0 _aSpace & anti-space :
_bthe fabric of place, city, and architecture /
_cby Steven Peterson & Barbara Littenberg ; introduction by Michael Dennis ; foreword by Jonathan Barnett.
246 3 _aSpace and anti-space
250 _aFirst edition.
264 1 _a[Novato, CA] :
_bOro Editions,
_c[2020]
300 _a360p.:
_billustrations (some color) ;
_c25 cm
336 _atext
_btxt
_2rdacontent
336 _astill image
_bsti
_2rdacontent
337 _aunmediated
_bn
_2rdamedia
338 _avolume
_bnc
_2rdacarrier
504 _aIncludes bibliographical references.
650 0 _aSpace (Architecture)
_931755
650 0 _aCity planning
_zNew York (State)
_zNew York.
_9121919
650 0 _aCity planning
_zFrance
_zParis.
_9121920
650 0 _aCity planning
_zItaly
_zRome.
_9121921
650 0 _aPublic spaces.
_926778
650 0 _aUrban ecology (Sociology)
_9927
700 1 _aLittenberg, Barbara,
_eauthor.
_9121922
906 _a7
_bcbc
_corigres
_d2
_encip
_f20
_gy-gencatlg
942 _2ddc
_cBK
999 _c608581
_d608581